[Event "Montevideo Duchamp Cup 7th"]
[Site "Montevideo"]
[Date "2024.02.03"]
[Round "3"]
[White "De Cuadro, Dionisio"]
[Black "Mott, Juan"]
[Result "1-0"]
[WhiteElo "1603"]
[BlackElo "1334"]
[PlyCount "99"]
[EventDate "2024.02.01"]
[EventType "swiss"]
[EventRounds "9"]
[EventCountry "URU"]
[SourceTitle "CB07_2024"]
[SourceDate "2024.02.14"]
[SourceVersion "1"]
[SourceVersionDate "2024.02.14"]
[SourceQuality "1"]

1. c4 Nf6 2. Nc3 g6 3. g3 Bg7 4. Bg2 0-0 5. d4 d6 6. e4 c6 7. Nge2 e5 8. Bg5 h6 9. Be3 Na6 10. 0-0 Nc7 11. dxe5 dxe5 12. Qc2 Be6 13. Rfd1 Qc8 14. Bc5 Re8 15. b3 Bh3 16. Bh1 Bg4 17. Rac1 Nh7 18. f3 Be6 19. Be3 f5 20. f4 Nf6 21. fxe5 Ng4 22. Bd4 Nxe5 23. Nf4 Bf7 24. exf5 gxf5 25. Bg2 Ne6 26. Bxe5 Bxe5 27. Nce2 Nxf4 28. gxf4 Bg7 29. Rd3 Qe6 30. Ng3 Rad8 31. Rcd1 Rxd3 32. Qxd3 Bg6 33. Kf2 Qf6 34. Rd2 Qh4 35. Qd6 Bf6 36. h3 Rd8 37. Qe6+ Bf7 38. Rxd8+ Bxd8 39. Qxf5 Bb6+ 40. Kf3 Qd8 41. Ne4 Qd1+ 42. Kg3 Qe1+ 43. Kg4 h5+ 44. Kg5 Bd8+ 45. Kh6 Qa1 46. Qe5 Qxe5 47. fxe5 Bc7 48. Nf6+ Kf8 49. Bf3 Bxe5 50. Nd7+ 1-0

[Event "Montevideo Duchamp Cup 5th"]
[Site "Montevideo"]
[Date "2022.02.16"]
[Round "6"]
[White "Lanzilotta, Filippo"]
[Black "De Cuadro, Dionisio"]
[Result "1-0"]
[WhiteElo "1299"]
[BlackElo "1621"]
[PlyCount "61"]
[EventDate "2022.02.12"]
[EventType "swiss"]
[EventRounds "9"]
[EventCountry "URU"]
[SourceTitle "CBM 206 Extra"]
[Source "ChessBase"]
[SourceDate "2022.03.31"]
[SourceVersion "1"]
[SourceVersionDate "2022.03.31"]
[SourceQuality "1"]

1. e4 d5 2. exd5 Qxd5 3. Nc3 Qa5 4. d4 Nf6 5. Nf3 Bg4 6. Bd3 Nc6 7. Be3 e6 8. h3 Bf5 9. Bxf5 Qxf5 10. g4 Qa5 11. Qd2 Bb4 12. a3 Bxc3 13. Qxc3 Qxc3+ 14. bxc3 Nd5 15. Kd2 0-0-0 16. Ng5 Rd7 17. Rhd1 h6 18. Nf3 f5 19. c4 Nxe3 20. fxe3 fxg4 21. hxg4 Rf8 22. Ke2 Rdf7 23. Rf1 Kd7 24. d5 exd5 25. cxd5 Nd8 26. Ne5+ Kd6 27. Nxf7+ Nxf7 28. Rf5 c6 29. Raf1 Ke7 30. d6+ Ke6 31. d7 1-0

[Event "Montevideo Duchamp Cup 5th"]
[Site "Montevideo"]
[Date "2022.02.12"]
[Round "1"]
[White "De Cuadro, Dionisio"]
[Black "Carbone, Diego"]
[Result "0-1"]
[WhiteElo "1621"]
[BlackElo "2272"]
[PlyCount "94"]
[EventDate "2022.02.12"]
[EventType "swiss"]
[EventRounds "9"]
[EventCountry "URU"]
[SourceTitle "CBM 206 Extra"]
[Source "ChessBase"]
[SourceDate "2022.03.31"]
[SourceVersion "1"]
[SourceVersionDate "2022.03.31"]
[SourceQuality "1"]

1. d4 Nf6 2. Nf3 g6 3. g3 Bg7 4. Bg2 0-0 5. c4 d5 6. cxd5 Nxd5 7. e4 Nb6 8. Nc3 Bg4 9. Be3 Nc4 10. Qb3 Nxe3 11. fxe3 c5 12. Rd1 Nd7 13. 0-0 Bh6 14. Nd5 e6 15. Nf4 Qb6 16. Qxb6 axb6 17. a3 g5 18. Ne2 Bh5 19. h3 g4 20. hxg4 Bxe3+ 21. Kh1 Bxg4 22. Rd3 Bh6 23. Nc3 Rad8 24. d5 Bxf3 25. Bxf3 Ne5 26. Rdd1 Nc4 27. Rf2 Be3 28. Rh2 Bd4 29. a4 Ne5 30. Be2 Bxc3 31. bxc3 c4 32. Rh5 f6 33. Rd4 exd5 34. exd5 Ra8 35. Bd1 b5 36. Bc2 bxa4 37. Bxh7+ Kg7 38. Bf5 Rh8 39. Rxh8 Rxh8+ 40. Kg2 Rh2+ 41. Kf1 a3 42. Be4 a2 43. Rd1 Kf7 44. Bg2 Ng4 45. Re1 Rxg2 46. Kxg2 Ne3+ 47. Kf3 Nc2 0-1

[Event "Punta del Este Interdepartamental"]
[Site "Punta del Este"]
[Date "2019.08.25"]
[Round "4.4"]
[White "Pelaez, Diego"]
[Black "De Cuadro, Dionisio"]
[Result "0-1"]
[WhiteElo "1619"]
[BlackElo "1654"]
[PlyCount "114"]
[EventDate "2019.08.23"]
[EventType "team-swiss"]
[EventRounds "5"]
[EventCountry "URU"]
[SourceTitle "EXT 2020"]
[Source "ChessBase"]
[SourceDate "2019.10.17"]
[SourceVersion "1"]
[SourceVersionDate "2019.10.17"]
[SourceQuality "1"]
[WhiteTeam "Rivera"]
[BlackTeam "Paysandu"]
[WhiteTeamCountry "URU"]
[BlackTeamCountry "URU"]

1. d4 Nf6 2. c4 e6 3. Nf3 Bb4+ 4. Bd2 Bxd2+ 5. Nbxd2 0-0 6. e3 d6 7. Bd3 Nbd7 8. 0-0 c5 9. Re1 cxd4 10. exd4 b6 11. Ne4 Qe7 12. Ng3 Bb7 13. Nf5 Qd8 14. Nxd6 Bc6 15. Ne5 Qc7 16. Nxc6 Qxc6 17. Ne4 Rfd8 18. Rc1 Rac8 19. Bb1 Qc7 20. Re3 Nxe4 21. Bxe4 Nf6 22. Bb1 Qf4 23. g3 Qd6 24. Rd3 h6 25. b3 Kf8 26. f3 Nh7 27. Kg2 Nf6 28. Rd2 Qc6 29. Qe2 g5 30. Be4 Qd6 31. Rcd1 Re8 32. Qf2 Kg7 33. d5 exd5 34. Bxd5 Qe5 35. Kf1 Qf5 36. Qg2 Re3 37. g4 Qe5 38. Re2 Re8 39. Rxe3 Qxe3 40. Qf2 Qf4 41. h3 Re3 42. Re1 Nxd5 43. Rxe3 Nxe3+ 44. Kg1 Qe5 45. Kh1 a5 46. Qg1 Qd4 47. Qf2 Qf4 48. Qe2 Qd4 49. Qf2 Qd1+ 50. Kh2 Qc2 51. Kg3 Qxf2+ 52. Kxf2 Nd1+ 53. Ke1 Nc3 54. a3 Kf6 55. a4 Na2 56. Kd2 Ke5 57. Ke3 Nc1 0-1

[Event "San Salvador op"]
[Site "San Salvador"]
[Date "2019.06.21"]
[Round "1"]
[White "Pichot, Alan"]
[Black "De Cuadro, Dionisio"]
[Result "1-0"]
[WhiteElo "2569"]
[BlackElo "1649"]
[PlyCount "45"]
[EventDate "2019.06.21"]
[EventType "swiss"]
[EventRounds "6"]
[EventCountry "ARG"]
[SourceTitle "CBM 191 Extra"]
[Source "ChessBase"]
[SourceDate "2019.09.30"]
[SourceVersion "1"]
[SourceVersionDate "2019.09.30"]
[SourceQuality "1"]

1. e4 e5 2. Nf3 Nf6 3. Nc3 d6 4. d4 Nbd7 5. Bc4 Be7 6. a4 0-0 7. 0-0 c6 8. Re1 exd4 9. Nxd4 Ne5 10. Ba2 c5 11. Nf5 Bxf5 12. exf5 Qd7 13. f4 Nc6 14. g4 Nd4 15. g5 Ne8 16. f6 gxf6 17. Nd5 Bd8 18. c3 Nc6 19. Bb1 f5 20. Qf3 Kh8 21. Qh3 Ng7 22. Nf6 Bxf6 23. gxf6 1-0

[Event "URU-ch Seniors 50"]
[Site "Montevideo"]
[Date "2018.06.16"]
[Round "3.4"]
[White "Curi, Gabriel"]
[Black "De Cuadro, Dionisio"]
[Result "1-0"]
[WhiteElo "2141"]
[BlackElo "1665"]
[PlyCount "41"]
[EventDate "2018.06.15"]
[EventType "swiss"]
[EventRounds "5"]
[EventCountry "URU"]
[SourceTitle "EXT 2019"]
[Source "ChessBase"]
[SourceDate "2018.10.10"]
[SourceVersion "1"]
[SourceVersionDate "2018.10.10"]
[SourceQuality "1"]

1. d4 d5 2. c4 e6 3. Nc3 Nf6 4. cxd5 exd5 5. Bg5 c6 6. Qc2 Be7 7. e3 0-0 8. Bd3 h6 9. Bxf6 Bxf6 10. Nf3 Re8 11. h4 Bg4 12. 0-0-0 Qa5 13. Bf5 Bxf5 14. Qxf5 Na6 15. g4 Re6 16. g5 g6 17. Qh3 Bg7 18. h5 Rae8 19. gxh6 Bxh6 20. hxg6 Rxg6 21. Rdg1 1-0

[Event "URU-ch Seniors 50"]
[Site "Montevideo"]
[Date "2018.06.16"]
[Round "2.8"]
[White "De Cuadro, Dionisio"]
[Black "Ruiz, Ulises"]
[Result "1-0"]
[WhiteElo "1665"]
[BlackElo "1535"]
[PlyCount "63"]
[EventDate "2018.06.15"]
[EventType "swiss"]
[EventRounds "5"]
[EventCountry "URU"]
[SourceTitle "EXT 2019"]
[Source "ChessBase"]
[SourceDate "2018.10.10"]
[SourceVersion "1"]
[SourceVersionDate "2018.10.10"]
[SourceQuality "1"]

1. c4 Nf6 2. Nc3 e6 3. g3 c6 4. Bg2 d5 5. cxd5 exd5 6. e3 Be7 7. Nf3 0-0 8. 0-0 Qc7 9. d4 Bf5 10. a3 h6 11. b4 Nbd7 12. Bb2 Rac8 13. Rc1 Qb8 14. Re1 Rfe8 15. Qe2 Nb6 16. Ne5 Bd6 17. f4 Nfd7 18. e4 dxe4 19. Nxe4 Nf6 20. Nxf6+ gxf6 21. Qh5 Be6 22. Ng4 Bxg4 23. Qxg4+ Kf8 24. Qh5 Nd7 25. Qxh6+ Kg8 26. Be4 Rxe4 27. Rxe4 Bf8 28. Qh3 Qd6 29. Rce1 Rd8 30. f5 Bg7 31. Rg4 Qd5 32. Qh6 1-0

[Event "Montevideo Duchamp Cup 2nd"]
[Site "Montevideo"]
[Date "2018.02.07"]
[Round "8"]
[White "Rodriguez Farias, Eduardo"]
[Black "De Cuadro, Dionisio"]
[Result "1-0"]
[WhiteElo "1909"]
[BlackElo "1665"]
[PlyCount "175"]
[EventDate "2018.02.02"]
[EventType "swiss"]
[EventRounds "9"]
[EventCountry "URU"]
[SourceTitle "CBM 182 Extra"]
[Source "ChessBase"]
[SourceDate "2018.02.23"]
[SourceVersion "1"]
[SourceVersionDate "2018.02.23"]
[SourceQuality "1"]

1. e4 e5 2. Bc4 Nf6 3. d3 d5 4. exd5 Nxd5 5. Nf3 Nc6 6. h3 Be7 7. 0-0 0-0 8. Re1 Bf6 9. Nbd2 Nf4 10. Nf1 Bf5 11. Ng3 Bg6 12. Bd2 Re8 13. Ne2 Nxe2+ 14. Qxe2 Nd4 15. Nxd4 exd4 16. Qg4 Qd6 17. b4 Rad8 18. f4 Kf8 19. f5 h5 20. Qf3 Bh7 21. Qxh5 Bg8 22. Qf3 c6 23. b5 Be5 24. bxc6 bxc6 25. Rab1 Rb8 26. f6 Bxf6 27. Rxb8 Rxb8 28. Bf4 Qb4 29. Qe4 Rd8 30. Bc7 Bh7 31. Qe2 Rc8 32. Ba6 Ra8 33. Bb7 Qxb7 34. Bd6+ Be7 35. Qxe7+ Qxe7 36. Bxe7+ Kg8 37. Bc5 Bf5 38. Rb1 Be6 39. a3 a5 40. Bxd4 Bd5 41. c4 Be6 42. Kf2 Rd8 43. Ke3 Bf5 44. Rd1 Re8+ 45. Kd2 a4 46. Rf1 Bg6 47. Be3 Rb8 48. Rc1 Rb3 49. Rc3 Rb2+ 50. Rc2 Rb3 51. Rc3 Rb2+ 52. Ke1 Rxg2 53. d4 Be4 54. Bf2 Rh2 55. d5 Rh1+ 56. Ke2 cxd5 57. c5 Rb1 58. c6 Rb8 59. c7 Rc8 60. Bg3 Bf5 61. h4 Re8+ 62. Kd2 Kh7 63. Rc5 Be6 64. Ra5 Kg6 65. Rxa4 Bd7 66. Ra6+ f6 67. Rd6 Bg4 68. Kd3 Be2+ 69. Kd4 Kf5 70. Rd8 Re4+ 71. Kxd5 Ba6 72. Kc6 Kg4 73. Kb6 Ra4 74. Bd6 f5 75. Bb4 f4 76. Rf8 f3 77. h5 Kg3 78. Rf7 Bc8 79. Rxg7+ Kh4 80. Rf7 Ra6+ 81. Kb5 Rh6 82. Rxf3 Rxh5+ 83. Kb6 Kg4 84. Rf8 Rh6+ 85. Ka7 Ra6+ 86. Kb8 Kg5 87. Kxc8 Ra8+ 88. Kb7 1-0

[Event "URU-ch Seniors"]
[Site "Montevideo"]
[Date "2016.06.19"]
[Round "5"]
[White "De Cuadro, Dionisio"]
[Black "Rocca, Jose"]
[Result "0-1"]
[WhiteElo "1690"]
[BlackElo "1631"]
[PlyCount "96"]
[EventDate "2016.06.17"]
[EventType "swiss"]
[EventRounds "5"]
[EventCountry "URU"]
[SourceTitle "EXT 2017"]
[Source "ChessBase"]
[SourceDate "2016.10.25"]
[SourceVersion "1"]
[SourceVersionDate "2016.10.25"]
[SourceQuality "1"]

1. Nf3 d5 2. d4 Nf6 3. Bf4 Bg4 4. e3 e6 5. Be2 c5 6. 0-0 Nc6 7. c3 Be7 8. h3 Bf5 9. Qb3 Qb6 10. Nbd2 Qxb3 11. Nxb3 c4 12. Nbd2 0-0 13. b3 cxb3 14. Nxb3 Ne4 15. c4 dxc4 16. Bxc4 Rac8 17. Rac1 Ba3 18. Rcd1 Nb4 19. Nbd2 Nc3 20. Rde1 Nc2 21. Ne5 Nxe1 22. Rxe1 Ne4 23. Nxe4 Bxe4 24. f3 Bd5 25. Bd3 f6 26. Ng4 Rc3 27. Bb1 Rfc8 28. e4 Bc1 29. Bd6 Bd2 30. Rf1 Bc4 31. Rd1 Rc1 32. Rxc1 Bxc1 33. a4 Bb2 34. d5 exd5 35. exd5 Bxd5 36. Bd3 h5 37. Ne3 Bd4 38. Kf2 Re8 39. Bf4 g5 40. Bb5 Re7 41. Bd6 Rxe3 42. Kf1 a6 43. Be2 Rb3 44. Bd1 Rb1 45. Ke2 Be5 46. Bc5 Bc4+ 47. Kd2 Rb2+ 48. Ke3 Rxg2 0-1

[Event "URU-ch Seniors"]
[Site "Montevideo"]
[Date "2016.06.17"]
[Round "1"]
[White "Centron, Alfonso"]
[Black "De Cuadro, Dionisio"]
[Result "0-1"]
[WhiteElo "1690"]
[BlackElo "1690"]
[PlyCount "66"]
[EventDate "2016.06.17"]
[EventType "swiss"]
[EventRounds "5"]
[EventCountry "URU"]
[SourceTitle "EXT 2017"]
[Source "ChessBase"]
[SourceDate "2016.10.25"]
[SourceVersion "1"]
[SourceVersionDate "2016.10.25"]
[SourceQuality "1"]

1. Nf3 c5 2. c4 Nc6 3. g3 d5 4. cxd5 Qxd5 5. Bg2 e5 6. Nc3 Qd8 7. 0-0 Nf6 8. b3 Be7 9. Bb2 0-0 10. Rc1 a6 11. Qc2 Nd4 12. Qb1 Bf5 13. d3 Nxf3+ 14. Bxf3 Qd7 15. Rfd1 Rad8 16. Na4 Qc7 17. Qa1 Bd6 18. b4 b6 19. bxc5 bxc5 20. e4 Be6 21. d4 exd4 22. Bxd4 Qa5 23. Nxc5 Bxc5 24. Rxc5 Qb4 25. a3 Qa4 26. Bxf6 gxf6 27. Rxd8 Rxd8 28. Qxf6 Qd4 29. Rg5+ Kf8 30. Qh6+ Ke7 31. Qxh7 Qa1+ 32. Kg2 Rh8 33. Qg7 Bh3# 0-1

[Event "URU-ch sf"]
[Site "Colonia del Sacramento"]
[Date "2015.02.13"]
[Round "1"]
[White "Barboza, Mauro"]
[Black "De Cuadro, Dionisio"]
[Result "1-0"]
[WhiteElo "2031"]
[BlackElo "1600"]
[PlyCount "55"]
[EventDate "2015.02.13"]
[EventType "swiss"]
[EventRounds "9"]
[EventCountry "URU"]
[SourceTitle "EXT 2017"]
[Source "ChessBase"]
[SourceDate "2016.10.25"]
[SourceVersion "1"]
[SourceVersionDate "2016.10.25"]
[SourceQuality "1"]

1. e4 e5 2. Nf3 Nf6 3. d4 Nxe4 4. dxe5 d5 5. exd6 Bxd6 6. Bd3 Nc5 7. 0-0 Nxd3 8. Qxd3 Nc6 9. Nc3 Be6 10. Ng5 Qd7 11. Nxe6 fxe6 12. Re1 0-0-0 13. Qe4 Rde8 14. a3 h5 15. Be3 a6 16. Rad1 Qf7 17. b4 Qf5 18. Qc4 Kb8 19. b5 axb5 20. Nxb5 Rd8 21. Rb1 Rhf8 22. Qxc6 Bxh2+ 23. Kh1 bxc6 24. Nd6+ Ka8 25. Nxf5 Bf4 26. Bxf4 Rxf5 27. Re4 e5 28. Ra4# 1-0